Lecciones de derecho civil chileno
Furkejuvvon:
| Váldodahkki: | |
|---|---|
| Materiálatiipa: | Girji |
| Giella: | espánnjágiella |
| Almmustuhtton: |
Santiago, Chile:
Jurídica de Chile,
2007
|
| Preanttus: | Primera edición |
| Ráidu: | Colección Manuales Jurídicos, 116
|
| Fáttát: | |
| Fáddágilkorat: |
Lasit fáddágilkoriid
Eai fáddágilkorat, Lasit vuosttaš fáddágilkora!
|
MARC
| LEADER | 00000nam a2200000 a 4500 | ||
|---|---|---|---|
| 001 | UCI4048 | ||
| 003 | CL-VaPUC | ||
| 005 | 20250108104736.0 | ||
| 008 | 071214e20070000CL |||||||||||||||||spa|d | ||
| 999 | |c 328047 |d 328045 | ||
| 020 | |a 9789561018143 | ||
| 040 | |c Pontificia Universidad Católica de Valparaíso | ||
| 082 | 0 | 4 | |a 346.83 BAR 2007 |2 21 |
| 100 | 1 | |a Barcia Lehmann, Rodrigo |e autor |9 856557 | |
| 245 | 1 | 0 | |a Lecciones de derecho civil chileno |
| 250 | |a Primera edición | ||
| 260 | |a Santiago, Chile: |b Jurídica de Chile, |c 2007 | ||
| 300 | |a 4 tomos | ||
| 490 | 0 | |a Colección Manuales Jurídicos, 116 | |
| 505 | |a t.I: Del acto jurídico | ||
| 505 | |a t.II: De las fuentes de las obligaciones | ||
| 505 | |a t.III: De la teoría de las obligaciones | ||
| 505 | |a t.IV: De los bienes | ||
| 583 | |a last modification |c 20180511 12:24:17 |k Rodrigo Vera | ||
| 650 | 0 | |a Derecho civil chileno |9 320612 | |
| 650 | 0 | |a Actos jurídicos |9 255748 | |
| 650 | 0 | |a Teoría del derecho |9 255982 | |
| 942 | |c BK |2 ddc | ||
| 945 | |d 20071214 00:00:00 |a jtorresc | ||
| 952 | |0 0 |1 0 |4 0 |6 346_830000000000000_BAR_2007 |7 0 |8 A |9 411750 |a BIBDER |b BIBDER |d 2019-11-22 |h t.I |i 4396006 |l 5 |m 1 |o 346.83 BAR 2007 |p 4396006 |r 2023-08-31 |s 2023-08-31 |w 2019-11-22 |y BK |k DER | ||
| 952 | |0 0 |1 0 |4 0 |6 346_830000000000000_BAR_2007 |7 0 |8 A |9 411751 |a BIBDER |b BIBDER |d 2019-11-22 |h v.2 |i 4415574 |l 7 |m 1 |o 346.83 BAR 2007 |p 4415574 |r 2025-04-22 |s 2025-04-22 |w 2019-11-22 |y BK |k DER | ||
| 952 | |0 0 |1 0 |4 0 |6 346_830000000000000_BAR_2007 |7 0 |8 A |9 411752 |a BIBDER |b BIBDER |d 2019-11-22 |h v.1 |i 4430956 |l 7 |m 3 |o 346.83 BAR 2007 |p 4430956 |r 2024-10-24 |s 2024-10-24 |w 2019-11-22 |y BK |k DER | ||
| 952 | |0 0 |1 0 |4 0 |6 346_830000000000000_BAR_2007 |7 0 |8 A |9 411753 |a BIBDER |b BIBDER |d 2019-11-22 |h v.2 |i 4430964 |l 11 |m 1 |o 346.83 BAR 2007 |p 4430964 |q 2025-06-13 |r 2025-04-25 |s 2025-04-25 |w 2019-11-22 |y BK |k DER | ||
| 952 | |0 0 |1 0 |4 0 |6 346_830000000000000_BAR_2007 |7 0 |8 A |9 411754 |a BIBDER |b BIBDER |d 2019-11-22 |h v.3 |i 4430972 |l 4 |o 346.83 BAR 2007 |p 4430972 |r 2025-01-08 |s 2025-01-08 |w 2019-11-22 |y BK |k DER | ||
| 952 | |0 0 |1 0 |4 0 |6 346_830000000000000_BAR_2007 |7 0 |8 A |9 411755 |a BIBDER |b BIBDER |d 2019-11-22 |h v.4 |i 4430980 |l 4 |o 346.83 BAR 2007 |p 4430980 |r 2024-09-02 |s 2024-08-27 |w 2019-11-22 |y BK |k DER | ||